[Event "Liga Madrileña 2010/2011 - D. Honor"]
[Site "Madrid ESP"]
[Date "2011.01.16"]
[Round "6.43"]
[White "Cao Armillas, Jesus"]
[Black "Montañes Arribas, Adrian"]
[Result "1/2-1/2"]
[WhiteElo "2189"]
[BlackElo "2147"]
[PlyCount "186"]
[EventDate "2010.11.21"]
[EventType "team"]
[EventRounds "14"]
[EventCountry "ESP"]
[Source "lmi"]
[SourceDate "2010.11.21"]
[WhiteTeam "Collado Villalba"]
[BlackTeam "Vallecas CDV"]
[WhiteTeamCountry "ESP"]
[BlackTeamCountry "ESP"]

1. d4 d5 2. c4 c6 3. Nf3 Nf6 4. Nc3 dxc4 5. a4 Bf5 6. e3 e6 7. Bxc4 Bb4 8. O-O
O-O 9. Nh4 Nbd7 10. f3 Bg6 11. Bd2 e5 12. Nxg6 hxg6 13. Be1 exd4 14. exd4 Nb6
15. Bb3 a5 16. Bf2 Nbd5 17. Ne4 Qd7 18. Qc2 Rfe8 19. Rad1 Qf5 20. Nc5 Qxc2 21.
Bxc2 Bxc5 22. dxc5 Re2 23. Bb1 Rxb2 24. Bd4 Rb4 25. Bc2 Re8 26. Kf2 Nf4 27. Rd2
N6d5 28. Bd1 Ne6 29. Re1 Rd8 30. Bb2 Rc4 31. Re4 Rxe4 32. fxe4 Nb4 33. Rxd8+
Nxd8 34. Ke3 Ne6 35. Be5 Na6 36. Bc3 Naxc5 37. Bxa5 Kf8 38. Bb4 Ke8 39. a5 Kd7
40. Bg4 Na6 41. Bf8 Nac7 42. Ba3 c5 43. Kd3 Kc6 44. Kc4 Ne8 45. e5 Nd8 46. Bf3+
Kd7 47. Bxc5 Nc7 48. Bb6 Nc6 49. Bg4+ Ne6 50. Kd5 Ne7+ 51. Ke4 Nc6 52. h4 Ne7
53. g3 Nc6 54. Bh3 Ne7 55. g4 g5 56. h5 Kc6 57. Bf1 Nc5+ 58. Kd4 Ne6+ 59. Kc4
Kd7 60. Bg2 Nc6 61. Kc3 Ned8 62. Bxd8 Nxd8 63. Bd5 Nc6 64. Bxf7 Nxa5 65. Bd5
Nc6 66. Kd2 b6 67. Ke3 Nxe5 68. Bb3 Nxg4+ 69. Ke4 Nf6+ 70. Kf5 Nxh5 71. Kxg5
Nf6 72. Kg6 Kd6 73. Kxg7 Ne4 74. Kg6 Ke5 75. Kf7 b5 76. Ke7 b4 77. Kd7 Nc5+ 78.
Kc6 Kd4 79. Bf7 Ne4 80. Bg8 Kc3 81. Kb5 Nd6+ 82. Kc5 Nf5 83. Kb5 Nd4+ 84. Kc5
Nc2 85. Bf7 Nd4 86. Bg8 Nf3 87. Kb5 Ne5 88. Kc5 Ng4 89. Kb5 Nf6 90. Bf7 Nd7 91.
Bg8 Ne5 92. Kc5 Nd3+ 93. Kb5 Ne5 1/2-1/2

[Event "Liga Madrileña 2010/2011 - D. Honor"]
[Site "Madrid ESP"]
[Date "2011.01.16"]
[Round "6.44"]
[White "Martin Duque, Jesus"]
[Black "Cepeda Delgado, Camilo Jose"]
[Result "1/2-1/2"]
[WhiteElo "2115"]
[BlackElo "2187"]
[PlyCount "119"]
[EventDate "2010.11.21"]
[EventType "team"]
[EventRounds "14"]
[EventCountry "ESP"]
[Source "lmi"]
[SourceDate "2010.11.21"]
[WhiteTeam "Vallecas CDV"]
[BlackTeam "Collado Villalba"]
[WhiteTeamCountry "ESP"]
[BlackTeamCountry "ESP"]

1. e4 e6 2. d4 d5 3. Nc3 Bb4 4. Nge2 dxe4 5. a3 Be7 6. Nxe4 Nf6 7. N2g3 Nbd7 8.
c3 O-O 9. Bd3 b6 10. O-O Bb7 11. Qe2 c5 12. dxc5 Nxc5 13. Nxc5 Bxc5 14. Rd1 Qc7
15. Be3 Qc6 16. f3 Rfd8 17. Bxc5 Qxc5+ 18. Qf2 Qg5 19. Qd2 Qe5 20. Qe2 Qf4 21.
Qd2 Qc7 22. Qc2 Rd7 23. Rd2 Rad8 24. Rad1 g6 25. Bf1 Kg7 26. Kh1 Qf4 27. Rxd7
Rxd7 28. Rxd7 Nxd7 29. Ne2 Qe3 30. Qa4 Nc5 31. Qd4+ Qxd4 32. Nxd4 Na4 33. Kg1
Nxb2 34. Nb5 Na4 35. Nxa7 Nxc3 36. Nb5 Nxb5 37. Bxb5 g5 38. Kf2 Kf6 39. Ke3 Ke5
40. g3 f6 41. Bd3 h6 42. Bc2 Bd5 43. f4+ Kd6 44. Kd4 e5+ 45. fxe5+ fxe5+ 46.
Ke3 Kc5 47. Bd3 Bc4 48. Bc2 Bf7 49. Bd3 Bd5 50. Be2 Kd6 51. h4 gxh4 52. gxh4
Ke6 53. Bd3 Kf6 54. Bc2 Bf7 55. Bd3 Bg6 56. Bc4 Bc2 57. Bf1 Kf5 58. Bh3+ Kg6
59. Bg4 Bf5 60. Be2 1/2-1/2

[Event "Liga Madrileña 2010/2011 - D. Honor"]
[Site "Madrid ESP"]
[Date "2011.01.16"]
[Round "6.45"]
[White "Bote Alvarez-Carrasco, Valentin"]
[Black "Madurga Lopez, Ignacio"]
[Result "1-0"]
[WhiteElo "2183"]
[BlackElo "1988"]
[PlyCount "77"]
[EventDate "2010.11.21"]
[EventType "team"]
[EventRounds "14"]
[EventCountry "ESP"]
[Source "lmi"]
[SourceDate "2010.11.21"]
[WhiteTeam "Collado Villalba"]
[BlackTeam "Vallecas CDV"]
[WhiteTeamCountry "ESP"]
[BlackTeamCountry "ESP"]

1. Nf3 Nf6 2. c4 g6 3. Nc3 Bg7 4. e4 d6 5. d4 O-O 6. Be2 e5 7. d5 a5 8. Bg5 h6
9. Bh4 Na6 10. Nd2 Qe8 11. O-O Nh7 12. a3 Bd7 13. Kh1 h5 14. f3 a4 15. Nb5 Bxb5
16. cxb5 Nc5 17. b4 axb3 18. Nxb3 Bh6 19. Nxc5 dxc5 20. b6 cxb6 21. Qb3 Qa4 22.
Qxb6 c4 23. Bd1 Qa6 24. Qxa6 Rxa6 25. Rb1 Rc8 26. a4 c3 27. Bc2 Rc7 28. Bd8 Rc8
29. Bb6 Nf6 30. Rb5 Nd7 31. Bf2 b6 32. Rfb1 Nc5 33. Rxb6 Rxb6 34. Rxb6 Nxa4 35.
Rc6 Rb8 36. Bg1 Rb2 37. Bxa4 Ra2 38. Bb3 Rb2 39. Rxc3 1-0

[Event "Liga Madrileña 2010/2011 - D. Honor"]
[Site "Madrid ESP"]
[Date "2011.01.16"]
[Round "6.46"]
[White "Muñoz Sanchez, Daniel"]
[Black "Lorite Cruz, Francisco"]
[Result "1/2-1/2"]
[WhiteElo "1976"]
[BlackElo "2095"]
[PlyCount "77"]
[EventDate "2010.11.21"]
[EventType "team"]
[EventRounds "14"]
[EventCountry "ESP"]
[Source "lmi"]
[SourceDate "2010.11.21"]
[WhiteTeam "Vallecas CDV"]
[BlackTeam "Collado Villalba"]
[WhiteTeamCountry "ESP"]
[BlackTeamCountry "ESP"]

1. e4 c5 2. Nc3 Nc6 3. f4 a6 4. g3 g6 5. Bg2 Bg7 6. Nf3 d6 7. d3 e6 8. Be3 Nd4
9. O-O Ne7 10. Qd2 Nec6 11. Nd1 O-O 12. c3 Nxf3+ 13. Bxf3 Qc7 14. Qg2 Ne7 15.
Rc1 Rb8 16. h4 f5 17. h5 b6 18. hxg6 hxg6 19. Nf2 Kf7 20. Nh3 Bf6 21. Ng5+ Bxg5
22. fxg5 Bb7 23. exf5 exf5 24. Rcd1 Bxf3 25. Rxf3 Rbd8 26. d4 Qc6 27. g4 Kg7
28. Rdf1 Qe4 29. Rg3 Qxg2+ 30. Rxg2 fxg4 31. Rxg4 Rxf1+ 32. Kxf1 Nf5 33. Bg1
Re8 34. dxc5 dxc5 35. b4 cxb4 36. Rxb4 b5 37. a4 Rc8 38. axb5 axb5 39. Rxb5
1/2-1/2

[Event "Liga Madrileña 2010/2011 - D. Honor"]
[Site "Madrid ESP"]
[Date "2011.01.23"]
[Round "7.11"]
[White "Herraiz Hidalgo, Herminio"]
[Black "Almagro Llamas, Pablo"]
[Result "1/2-1/2"]
[WhiteElo "2494"]
[BlackElo "2472"]
[PlyCount "31"]
[EventDate "2010.11.21"]
[EventType "team"]
[EventRounds "14"]
[EventCountry "ESP"]
[Source "lmi"]
[SourceDate "2010.11.21"]
[WhiteTeam "Vallecas CDV"]
[BlackTeam "Virgen de Atocha"]
[WhiteTeamCountry "ESP"]
[BlackTeamCountry "ESP"]

1. d4 Nf6 2. c4 e6 3. Nc3 Bb4 4. Qc2 O-O 5. a3 Bxc3+ 6. Qxc3 b5 7. cxb5 c6 8.
Bg5 cxb5 9. e3 a6 10. Bd3 Bb7 11. Nf3 h6 12. Bh4 d6 13. O-O Nbd7 14. Rfc1 Qb6
15. Bg3 Nd5 16. Qb3 1/2-1/2

[Event "Liga Madrileña 2010/2011 - D. Honor"]
[Site "Madrid ESP"]
[Date "2011.01.23"]
[Round "7.12"]
[White "Anton Guijarro, David"]
[Black "Enjuto Velasco, Roberto"]
[Result "1-0"]
[WhiteElo "2421"]
[BlackElo "2184"]
[PlyCount "77"]
[EventDate "2010.11.21"]
[EventType "team"]
[EventRounds "14"]
[EventCountry "ESP"]
[Source "lmi"]
[SourceDate "2010.11.21"]
[WhiteTeam "Virgen de Atocha"]
[BlackTeam "Vallecas CDV"]
[WhiteTeamCountry "ESP"]
[BlackTeamCountry "ESP"]

1. e4 c5 2. Nf3 d6 3. d4 cxd4 4. Nxd4 Nf6 5. Nc3 a6 6. h3 g6 7. g4 Bg7 8. Bg2
O-O 9. O-O Nc6 10. Be3 Nxd4 11. Bxd4 Bd7 12. Qe2 Bc6 13. Rad1 Nd7 14. Nd5 Rc8
15. b3 b5 16. Rfe1 Ba8 17. c3 e6 18. Bxg7 Kxg7 19. Nb4 a5 20. Nc2 Rxc3 21. Nd4
b4 22. Nb5 Rc5 23. Nxd6 Qf6 24. Qd2 h5 25. gxh5 Rxh5 26. f4 e5 27. Rf1 exf4 28.
Rxf4 Qg5 29. Nxf7 Qc5+ 30. Qf2 Qxf2+ 31. Rxf2 Nc5 32. Nd6 Rxf2 33. Kxf2 Re5 34.
Ke3 Re6 35. Rd4 Re5 36. Bf3 Ne6 37. Rc4 Kf6 38. Rc8 Bd5 39. Kf2 1-0

[Event "Liga Madrileña 2010/2011 - D. Honor"]
[Site "Madrid ESP"]
[Date "2011.01.23"]
[Round "7.13"]
[White "Pastor Alonso de Prado, Alberto"]
[Black "Rubio Mejia, Luis"]
[Result "0-1"]
[WhiteElo "2176"]
[BlackElo "2409"]
[PlyCount "46"]
[EventDate "2010.11.21"]
[EventType "team"]
[EventRounds "14"]
[EventCountry "ESP"]
[Source "lmi"]
[SourceDate "2010.11.21"]
[WhiteTeam "Vallecas CDV"]
[BlackTeam "Virgen de Atocha"]
[WhiteTeamCountry "ESP"]
[BlackTeamCountry "ESP"]

1. e4 c5 2. c3 Nf6 3. e5 Nd5 4. d4 cxd4 5. Qxd4 e6 6. Nf3 Nc6 7. Qe4 f5 8. exf6
Nxf6 9. Qc2 d5 10. Bg5 Bd6 11. Bb5 Bd7 12. O-O O-O 13. Nbd2 Qc7 14. Rfe1 e5 15.
Nf1 e4 16. Bxc6 bxc6 17. N3d2 Ng4 18. Be3 Bxh2+ 19. Kh1 Rxf2 20. c4 Rf7 21.
cxd5 cxd5 22. Qxc7 Bxc7 23. Nb3 Rxf1+ 0-1

[Event "Liga Madrileña 2010/2011 - D. Honor"]
[Site "Madrid ESP"]
[Date "2011.01.23"]
[Round "7.14"]
[White "Martinez Martin, David"]
[Black "Montañes Arribas, Adrian"]
[Result "1-0"]
[WhiteElo "2398"]
[BlackElo "2147"]
[PlyCount "127"]
[EventDate "2010.11.21"]
[EventType "team"]
[EventRounds "14"]
[EventCountry "ESP"]
[Source "lmi"]
[SourceDate "2010.11.21"]
[WhiteTeam "Virgen de Atocha"]
[BlackTeam "Vallecas CDV"]
[WhiteTeamCountry "ESP"]
[BlackTeamCountry "ESP"]

1. Nf3 d5 2. d4 Nf6 3. c4 c6 4. e3 Bf5 5. Nc3 e6 6. Nh4 Be4 7. f3 Bg6 8. g3
Nbd7 9. a3 Bd6 10. c5 Bc7 11. Nxg6 hxg6 12. f4 g5 13. Bd3 gxf4 14. exf4 g6 15.
Qf3 Ng8 16. Be3 Ne7 17. O-O-O Nf6 18. g4 Qd7 19. f5 gxf5 20. gxf5 exf5 21. h4
Ne4 22. Ne2 O-O-O 23. h5 Kb8 24. Bf4 Bxf4+ 25. Qxf4+ Qc7 26. Rdg1 Qxf4+ 27.
Nxf4 Ng8 28. Rg7 Nh6 29. Rhg1 Rdg8 30. b4 a6 31. a4 Re8 32. Kc2 Nf2 33. b5 a5
34. bxc6 bxc6 35. Rb1+ Kc7 36. Ba6 Rb8 37. Ne6+ Kd7 38. Rxb8 Rxb8 39. Ng5 Ke7
40. Rh7 Nfg4 41. Bd3 Kf6 42. Nf3 Rb4 43. Rh8 Rxa4 44. Rc8 Ne3+ 45. Kd2 Nhg4 46.
Rxc6+ Kg7 47. h6+ Kg8 48. Ng5 Ra2+ 49. Kc1 Nxh6 50. Rxh6 Ra1+ 51. Kd2 f4 52.
Rf6 Ra2+ 53. Kc1 Ra1+ 54. Kb2 Rd1 55. Bh7+ Kh8 56. c6 Rxd4 57. c7 Rb4+ 58. Ka3
Rc4 59. Rxf7 Rc3+ 60. Ka2 f3 61. Rf8+ Kg7 62. c8=Q Rxc8 63. Rxc8 f2 64. Bd3 1-0

[Event "Liga Madrileña 2010/2011 - D. Honor"]
[Site "Madrid ESP"]
[Date "2011.01.23"]
[Round "7.15"]
[White "Martin Duque, Jesus"]
[Black "Perez de Aranda Alonso, Leonardo"]
[Result "0-1"]
[WhiteElo "2115"]
[BlackElo "2161"]
[PlyCount "100"]
[EventDate "2010.11.21"]
[EventType "team"]
[EventRounds "14"]
[EventCountry "ESP"]
[Source "lmi"]
[SourceDate "2010.11.21"]
[WhiteTeam "Vallecas CDV"]
[BlackTeam "Virgen de Atocha"]
[WhiteTeamCountry "ESP"]
[BlackTeamCountry "ESP"]

1. e4 d6 2. d4 Nf6 3. Nc3 e5 4. Nf3 Nbd7 5. g4 g6 6. g5 Nh5 7. Be3 Bg7 8. Qd2
O-O 9. O-O-O c6 10. dxe5 dxe5 11. Kb1 Qe7 12. Qd6 Qxd6 13. Rxd6 Nf4 14. Bc4 Nb6
15. Nd2 Bg4 16. Bxb6 axb6 17. f3 Rfd8 18. Rxd8+ Rxd8 19. Kc1 Bh3 20. Bf1 b5 21.
Ne2 Nxe2+ 22. Bxe2 Bf8 23. Bf1 Be6 24. Nb3 Be7 25. h4 h6 26. Rg1 hxg5 27. hxg5
Kg7 28. Bd3 Rh8 29. c3 Rh5 30. Kc2 Bxg5 31. Nc5 Bc8 32. Rg2 Be3 33. Nb3 Rh3 34.
Be2 f5 35. Nd2 Bxd2 36. Kxd2 f4 37. Rg1 Be6 38. b3 Rh2 39. Ke1 Kf6 40. Kf1 Rh8
41. Bd1 Ra8 42. a4 bxa4 43. bxa4 b5 44. axb5 cxb5 45. Ke2 Rd8 46. Bc2 Bc4+ 47.
Ke1 Ra8 48. Kd2 Ra2 49. Rb1 g5 50. Kc1 g4 0-1

[Event "Liga Madrileña 2010/2011 - D. Honor"]
[Site "Madrid ESP"]
[Date "2011.01.23"]
[Round "7.16"]
[White "Suarez Triguero, Jose Alfonso"]
[Black "Madurga Lopez, Ignacio"]
[Result "0-1"]
[WhiteElo "2073"]
[BlackElo "1988"]
[PlyCount "102"]
[EventDate "2010.11.21"]
[EventType "team"]
[EventRounds "14"]
[EventCountry "ESP"]
[Source "lmi"]
[SourceDate "2010.11.21"]
[WhiteTeam "Virgen de Atocha"]
[BlackTeam "Vallecas CDV"]
[WhiteTeamCountry "ESP"]
[BlackTeamCountry "ESP"]

1. Nf3 Nf6 2. g3 g6 3. Bg2 Bg7 4. O-O O-O 5. c4 d6 6. Nc3 e5 7. d3 c6 8. Rb1 h6
9. Qc2 Be6 10. b3 Nbd7 11. Bb2 d5 12. cxd5 Nxd5 13. Nxd5 cxd5 14. Rfc1 Rc8 15.
Qd2 Qb6 16. d4 e4 17. Ne1 Nb8 18. e3 Rc6 19. Ba3 Rfc8 20. Bc5 Qc7 21. Ba3 Bf8
22. Rxc6 Qxc6 23. Rc1 Qd7 24. Bxf8 Kxf8 25. Qb4+ Qe7 26. Rxc8+ Bxc8 27. Qc5
Qxc5 28. dxc5 Na6 29. Nc2 Nxc5 30. Nd4 a6 31. Bf1 Ke7 32. Be2 Ne6 33. Kf1 Kd6
34. Ke1 Kc5 35. Nxe6+ Bxe6 36. a3 a5 37. Kd2 d4 38. exd4+ Kxd4 39. Bd1 f5 40.
f4 g5 41. fxg5 hxg5 42. h4 gxh4 43. gxh4 f4 44. h5 f3 45. b4 axb4 46. axb4 e3+
47. Kc2 Bf5+ 48. Kc1 e2 49. Bxe2 fxe2 50. Kd2 Kc4 51. Kxe2 Bg4+ 0-1

[Event "Liga Madrileña 2010/2011 - D. Honor"]
[Site "Madrid ESP"]
[Date "2011.01.23"]
[Round "7.21"]
[White "Valles Moreno, Ivan"]
[Black "Vazquez Igarza, Renier"]
[Result "1/2-1/2"]
[WhiteElo "2366"]
[BlackElo "2558"]
[PlyCount "114"]
[EventDate "2010.11.21"]
[EventType "team"]
[EventRounds "14"]
[EventCountry "ESP"]
[Source "lmi"]
[SourceDate "2010.11.21"]
[WhiteTeam "Amigos del Retiro"]
[BlackTeam "Collado Villalba"]
[WhiteTeamCountry "ESP"]
[BlackTeamCountry "ESP"]

1. d4 d5 2. c4 dxc4 3. e3 Nf6 4. Bxc4 e6 5. Nf3 a6 6. O-O c5 7. a4 Nc6 8. Qe2
Be7 9. Rd1 Qc7 10. Nc3 O-O 11. h3 Rd8 12. d5 exd5 13. Bxd5 Nb4 14. Bc4 Rxd1+
15. Qxd1 Bf5 16. Qe2 Bf8 17. Nh4 Bc2 18. b3 Rd8 19. Ba3 Bd3 20. Bxd3 Nxd3 21.
Rd1 Ne5 22. f4 Nc6 23. Bb2 Na5 24. Nf5 g6 25. Ng3 Bg7 26. e4 Rxd1+ 27. Qxd1 Qd7
28. Qc2 Nc6 29. e5 Nb4 30. Qe2 Nfd5 31. Qc4 Qc6 32. Nxd5 Qxd5 33. Qxd5 Nxd5 34.
Ne4 Nxf4 35. Nxc5 Bf8 36. Nxb7 Nd3 37. Bd4 Nc1 38. Kf2 Nxb3 39. Ke3 Bb4 40. Kd3
Na5 41. Nxa5 Bxa5 42. Kc4 Kf8 43. Kd5 Ke7 44. Kc6 Bd2 45. Kb6 a5 46. Kb5 Ke6
47. Bb6 Kxe5 48. Bxa5 Be3 49. Bb6 Bd2 50. a5 Bxa5 51. Bxa5 Kf4 52. Bc7+ Ke3 53.
Kc6 f5 54. Kd5 f4 55. h4 f3 56. gxf3 Kxf3 57. Ke6 Kg4 1/2-1/2

[Event "Liga Madrileña 2010/2011 - D. Honor"]
[Site "Madrid ESP"]
[Date "2011.01.23"]
[Round "7.22"]
[White "Moreno Ruiz, Javier"]
[Black "Vallejo Diaz, Javier"]
[Result "1/2-1/2"]
[WhiteElo "2527"]
[BlackElo "2350"]
[PlyCount "113"]
[EventDate "2010.11.21"]
[EventType "team"]
[EventRounds "14"]
[EventCountry "ESP"]
[Source "lmi"]
[SourceDate "2010.11.21"]
[WhiteTeam "Collado Villalba"]
[BlackTeam "Amigos del Retiro"]
[WhiteTeamCountry "ESP"]
[BlackTeamCountry "ESP"]

1. c4 c6 2. g3 d5 3. Bg2 Nf6 4. Nf3 Bg4 5. Ne5 Be6 6. cxd5 Bxd5 7. Nf3 c5 8.
Nc3 Bc6 9. O-O e6 10. d3 Nbd7 11. a3 Be7 12. Rb1 Rc8 13. Bd2 b5 14. b4 a6 15.
a4 cxb4 16. Na2 a5 17. axb5 Bb7 18. Nc1 O-O 19. Ra1 Ra8 20. Nb3 e5 21. d4 a4
22. dxe5 Nxe5 23. Nxe5 Bxg2 24. Kxg2 Qd5+ 25. Nf3 axb3 26. Rb1 Ra2 27. Be3 Qxb5
28. Qxb3 Qa6 29. Nd4 Ng4 30. Nf5 Bf6 31. Qxb4 Nxe3+ 32. Nxe3 Rxe2 33. Qg4 Rb2
34. Rbd1 g6 35. Kg1 Bg7 36. Rd7 Rb7 37. Rd5 Bh6 38. Nf5 Bg7 39. Nh4 Re7 40. Nf3
Qe6 41. Qxe6 Rxe6 42. Rd7 Rfe8 43. Rb1 R6e7 44. Rbb7 Rxd7 45. Rxd7 h6 46. g4
Kf8 47. Kg2 Re7 48. Rd5 Bf6 49. h4 Re6 50. h5 Kg7 51. Kg3 Re4 52. Nd2 Rd4 53.
Rxd4 Bxd4 54. f3 Be5+ 55. f4 Bc7 56. Kf3 f5 57. hxg6 1/2-1/2

[Event "Liga Madrileña 2010/2011 - D. Honor"]
[Site "Madrid ESP"]
[Date "2011.01.23"]
[Round "7.23"]
[White "Perez Gonzalez, Jose Manuel"]
[Black "Ortiz Herranz, Eleazar"]
[Result "1/2-1/2"]
[WhiteElo "2281"]
[BlackElo "2243"]
[PlyCount "102"]
[EventDate "2010.11.21"]
[EventType "team"]
[EventRounds "14"]
[EventCountry "ESP"]
[Source "lmi"]
[SourceDate "2010.11.21"]
[WhiteTeam "Amigos del Retiro"]
[BlackTeam "Collado Villalba"]
[WhiteTeamCountry "ESP"]
[BlackTeamCountry "ESP"]

1. e4 e6 2. d4 d5 3. e5 c5 4. c3 Nc6 5. Nf3 Bd7 6. dxc5 Bxc5 7. b4 Be7 8. b5
Na5 9. Bd3 Qc7 10. O-O f5 11. Re1 g6 12. Nd4 h5 13. f4 Nh6 14. a4 Nf7 15. Ba3
Nc4 16. Bxe7 Kxe7 17. Qe2 Rac8 18. Bxc4 Qxc4 19. Qf2 h4 20. Re3 Rh5 21. Nd2 Qc7
22. h3 Kf8 23. N4f3 Qd8 24. Rd3 Qb6 25. Qxb6 axb6 26. c4 Ke7 27. cxd5 exd5 28.
Rxd5 Be6 29. Rd4 Rc5 30. Re1 Rh8 31. Kf2 Bd5 32. Rd3 Nd8 33. Ng5 Ne6 34. Nxe6
Kxe6 35. Nf3 Rc2+ 36. Ke3 Rxg2 37. Ng5+ Rxg5 38. fxg5 Kxe5 39. Kf2+ Be4 40. Rd7
Kf4 41. Rd6 Ra8 42. Rxg6 Rxa4 43. Rxb6 Ra3 44. g6 Rf3+ 45. Ke2 Rxh3 46. Rg1
Rh2+ 47. Ke1 Ke3 48. g7 Re2+ 49. Kd1 Rd2+ 50. Kc1 Rc2+ 51. Kd1 Rd2+ 1/2-1/2

[Event "Liga Madrileña 2010/2011 - D. Honor"]
[Site "Madrid ESP"]
[Date "2011.01.23"]
[Round "7.24"]
[White "Cao Armillas, Jesus"]
[Black "Garcia Cuenca, Victor"]
[Result "1-0"]
[WhiteElo "2189"]
[BlackElo "2329"]
[PlyCount "103"]
[EventDate "2010.11.21"]
[EventType "team"]
[EventRounds "14"]
[EventCountry "ESP"]
[Source "lmi"]
[SourceDate "2010.11.21"]
[WhiteTeam "Collado Villalba"]
[BlackTeam "Amigos del Retiro"]
[WhiteTeamCountry "ESP"]
[BlackTeamCountry "ESP"]

1. d4 Nf6 2. c4 c5 3. d5 b5 4. cxb5 a6 5. bxa6 g6 6. Nc3 Bxa6 7. Nf3 Bg7 8. g3
d6 9. Bg2 Nbd7 10. Rb1 O-O 11. O-O Qa5 12. Bd2 Bb7 13. b3 Qa3 14. Ne1 Nb6 15.
Nc2 Qa6 16. Ne3 e6 17. dxe6 fxe6 18. a4 d5 19. Nb5 Ne8 20. Bh3 e5 21. Qc2 d4
22. Ng2 c4 23. bxc4 Qxa4 24. Qxa4 Nxa4 25. Nxd4 Be4 26. Ne6 Bxb1 27. Nxf8 Ba2
28. Ne6 Bf6 29. Ne3 Nd6 30. Rc1 Rb8 31. Ba5 Ne4 32. Nd5 Kf7 33. Nxf6 Nxf6 34.
Nd8+ Ke8 35. Nc6 Rb2 36. Kf1 e4 37. Rd1 e3 38. fxe3 Ne4 39. Be6 Rb1 40. Rxb1
Bxb1 41. Bb4 Ba2 42. Ne5 Nb2 43. Bd5 Nf6 44. Bc6+ Kd8 45. Bb5 Nd1 46. Bd2 Ne4
47. Ke1 Ndc3 48. Bxc3 Nxc3 49. Kd2 Ne4+ 50. Kc2 Nc5 51. Nc6+ Kc7 52. Nd4 1-0

[Event "Liga Madrileña 2010/2011 - D. Honor"]
[Site "Madrid ESP"]
[Date "2011.01.23"]
[Round "7.26"]
[White "Lorite Cruz, Francisco"]
[Black "Paredes Sanchez, Juan"]
[Result "1/2-1/2"]
[WhiteElo "2095"]
[BlackElo "2172"]
[PlyCount "162"]
[EventDate "2010.11.21"]
[EventType "team"]
[EventRounds "14"]
[EventCountry "ESP"]
[Source "lmi"]
[SourceDate "2010.11.21"]
[WhiteTeam "Collado Villalba"]
[BlackTeam "Amigos del Retiro"]
[WhiteTeamCountry "ESP"]
[BlackTeamCountry "ESP"]

1. e4 c5 2. Nf3 d6 3. d4 cxd4 4. Nxd4 Nf6 5. Nc3 a6 6. Be2 e5 7. Nb3 Be7 8. O-O
O-O 9. a4 b6 10. Be3 Bb7 11. f3 Nc6 12. Qd2 Nb4 13. a5 b5 14. Rfd1 Rc8 15. Rac1
d5 16. Bb6 Qe8 17. exd5 Nfxd5 18. Nxd5 Nxd5 19. c4 Bb4 20. Qd3 Nxb6 21. axb6
bxc4 22. Rxc4 Qb5 23. Rxc8 Qxb6+ 24. Rc5 Bxc5+ 25. Nxc5 Qxc5+ 26. Kh1 h6 27. h3
Rc8 28. Qb3 Qc6 29. Bd3 Qc7 30. Bf5 Rb8 31. Qa4 g6 32. Bb1 a5 33. Qd7 Qxd7 34.
Rxd7 Bc6 35. Rc7 Bd5 36. Rc5 Rxb2 37. Bxg6 Bxf3 38. Bxf7+ Kxf7 39. gxf3 a4 40.
Ra5 Rf2 41. Rxa4 Rxf3 42. Kg2 Rf6 43. Kg3 Ke6 44. Ra1 Kd5 45. Ra5+ Kd4 46. Ra4+
Kd3 47. Ra3+ Kc4 48. Ra4+ Kd5 49. Ra5+ Ke6 50. Ra1 h5 51. Ra2 Rf5 52. Ra6+ Kd5
53. Ra5+ Kd4 54. Ra4+ Kd3 55. Ra3+ Kc4 56. Ra5 Kb4 57. Rd5 Kc4 58. Ra5 Kd4 59.
Ra4+ Kd5 60. Ra5+ Ke6 61. Ra6+ Kf7 62. Ra5 Kg6 63. Ra6+ Rf6 64. Ra5 Kf5 65. Kf3
Rb6 66. Ra8 Rb3+ 67. Kg2 e4 68. Ra5+ Kf4 69. Rxh5 Rb2+ 70. Kf1 Ke3 71. Rh8 Rb1+
72. Kg2 Ke2 73. h4 Rb7 74. h5 Rg7+ 75. Kh2 e3 76. h6 Rg6 77. Kh3 Ke1 78. h7 e2
79. Kh4 Rh6+ 80. Kg5 Rh2 81. Kg6 Rg2+ 1/2-1/2

[Event "Liga Madrileña 2010/2011 - D. Honor"]
[Site "Madrid ESP"]
[Date "2011.01.23"]
[Round "7.31"]
[White "Candela Perez, Jose"]
[Black "Hernandez Gallardo, Francisco Javier"]
[Result "0-1"]
[WhiteElo "2399"]
[BlackElo "2330"]
[PlyCount "76"]
[EventDate "2010.11.21"]
[EventType "team"]
[EventRounds "14"]
[EventCountry "ESP"]
[Source "lmi"]
[SourceDate "2010.11.21"]
[WhiteTeam "Leganes"]
[BlackTeam "Moratalaz"]
[WhiteTeamCountry "ESP"]
[BlackTeamCountry "ESP"]

1. d4 e6 2. Nf3 Nf6 3. c4 Bb4+ 4. Nc3 h6 5. g3 O-O 6. Bg2 Nc6 7. O-O Bxc3 8.
bxc3 d6 9. c5 e5 10. cxd6 cxd6 11. Ba3 e4 12. Nd2 Re8 13. Nc4 d5 14. Nd6 Re6
15. Nxc8 Rxc8 16. Bh3 Re8 17. Bxc8 Qxc8 18. Kg2 e3 19. f3 Na5 20. Qd3 Nc4 21.
Bc1 Re6 22. Rb1 b6 23. Rb4 Ne8 24. Qf5 Qc6 25. Rd1 Ned6 26. Qc2 h5 27. Rd3 Qd7
28. Qd1 a5 29. Rxc4 Nxc4 30. h4 f5 31. f4 Qe8 32. Qf1 Qa4 33. Qf3 Qxa2 34. Bxe3
Re4 35. Kf2 g6 36. Qh1 Qc2 37. g4 fxg4 38. f5 gxf5 0-1

[Event "Liga Madrileña 2010/2011 - D. Honor"]
[Site "Madrid ESP"]
[Date "2011.01.23"]
[Round "7.32"]
[White "Serrano Salvador, Eduardo"]
[Black "Reyes Larenas, Juan"]
[Result "1/2-1/2"]
[WhiteElo "2359"]
[BlackElo "2435"]
[PlyCount "87"]
[EventDate "2010.11.21"]
[EventType "team"]
[EventRounds "14"]
[EventCountry "ESP"]
[Source "lmi"]
[SourceDate "2010.11.21"]
[WhiteTeam "Moratalaz"]
[BlackTeam "Leganes"]
[WhiteTeamCountry "ESP"]
[BlackTeamCountry "ESP"]

1. d4 Nf6 2. Nf3 g6 3. c4 Bg7 4. g3 O-O 5. Bg2 d6 6. Nc3 Nbd7 7. O-O e5 8. h3
c6 9. e4 exd4 10. Nxd4 Re8 11. Re1 Nc5 12. Bf4 Nh5 13. Be3 Nf6 14. Qc2 Qe7 15.
Rad1 Nfd7 16. Nb3 Na6 17. Bd4 Ne5 18. f4 Nxc4 19. Bxg7 Kxg7 20. Bf1 Nb6 21. Qd2
Nc5 22. Qxd6 Nxb3 23. axb3 Qxd6 24. Rxd6 a5 25. Na4 Nxa4 26. bxa4 Be6 27. e5
Rad8 28. Red1 Rxd6 29. Rxd6 Kf8 30. Kf2 Ke7 31. Ke3 f6 32. h4 fxe5 33. fxe5 Rf8
34. Bd3 Bd5 35. h5 Rf3+ 36. Kd2 Rxg3 37. hxg6 hxg6 38. Rxg6 Rxg6 39. Bxg6 Bb3
40. Ke3 Bxa4 41. b4 axb4 42. Kd4 Bd1 43. Kc5 Bf3 44. Bf5 1/2-1/2

[Event "Liga Madrileña 2010/2011 - D. Honor"]
[Site "Madrid ESP"]
[Date "2011.01.23"]
[Round "7.33"]
[White "Arribas Lopez, Angel"]
[Black "Ramirez Garcia, Jorge Alberto"]
[Result "1-0"]
[WhiteElo "2439"]
[BlackElo "2255"]
[PlyCount "107"]
[EventDate "2010.11.21"]
[EventType "team"]
[EventRounds "14"]
[EventCountry "ESP"]
[Source "lmi"]
[SourceDate "2010.11.21"]
[WhiteTeam "Leganes"]
[BlackTeam "Moratalaz"]
[WhiteTeamCountry "ESP"]
[BlackTeamCountry "ESP"]

1. Nf3 d5 2. e3 c5 3. c4 e6 4. cxd5 Qxd5 5. Nc3 Qd6 6. d4 cxd4 7. exd4 Nf6 8.
Bc4 Bd7 9. O-O Be7 10. Ne5 O-O 11. Bf4 Qb6 12. Bb3 Bc6 13. Qd3 Na6 14. Nc4 Nb4
15. Qd2 Qd8 16. Ne5 Bd5 17. Ba4 Rc8 18. a3 Nc6 19. Nxd5 Qxd5 20. Nxc6 bxc6 21.
Rac1 Rfd8 22. Rfd1 c5 23. dxc5 Qf5 24. Bd6 Ne4 25. Qe3 Nxd6 26. cxd6 Rxc1 27.
Qxc1 Bf6 28. b4 g6 29. Qc5 Be5 30. d7 Qh5 31. g3 a6 32. Qa5 Bf6 33. Qxa6 Qe5
34. Qd3 h5 35. Bc6 Qb2 36. b5 Be7 37. a4 Bc5 38. Qd2 Qa3 39. Qc2 h4 40. gxh4
Qb4 41. Qe4 Qb2 42. Rf1 Qd2 43. Kg2 Bb6 44. Qg4 Kg7 45. h5 Rh8 46. hxg6 f5 47.
Qg3 Rh6 48. Qe5+ Kxg6 49. Qxe6+ Kg5 50. Qe5 Rg6 51. Kh1 Kh6 52. Qh8+ Kg5 53.
Rg1+ Kf4 54. Qh4+ 1-0